Vista normal
Vista MARC
Entrada Personal Name
Número de registros utilizados en: 1
001 - CONTROL NUMBER
- control field: 17401
003 - CONTROL NUMBER IDENTIFIER
- control field: DLC
005 - DATE AND TIME OF LATEST TRANSACTION
- control field: 20250827144858.0
008 - FIXED-LENGTH DATA ELEMENTS
- fixed length control field: 800331n| azannaabn |n aaa
010 ## - LIBRARY OF CONGRESS CONTROL NUMBER
- LC control number: n 50004270
040 ## - CATALOGING SOURCE
- Original cataloging agency: DLC
- Language of cataloging: spa
- Description conventions: rda
- Transcribing agency: Mx-PuUPA
- Modifying agency: DLC
- Modifying agency: Mx-PuUPA
046 ## - SPECIAL CODED DATES
- Birth date: 1913
- Death date: 2005
- Source of date scheme: edtf
100 1# - HEADING--PERSONAL NAME
- Personal name: Moore, Barrington,
- Dates associated with a name: 1913-2005
370 ## - ASSOCIATED PLACE
- Place of death: Cambridge (Massachusetts)
373 ## - ASSOCIATED GROUP
- Associated group: Universitdad de Harvard
374 ## - OCCUPATION
- Occupation: Sociólogo
- Occupation: Autor
375 ## - GENDER
- Gender: hombre
377 ## - ASSOCIATED LANGUAGE
- Language code: eng
670 ## - SOURCE DATA FOUND
- Source citation: His The relation between social stratification and social control, 1942.
670 ## - SOURCE DATA FOUND
- Source citation: Moral aspects of economic growth, and other essays, 1998:
- Information found: CIP t.p. (Barrington Moore, Jr.)
670 ## - SOURCE DATA FOUND
- Source citation: New York times WWW site, Oct. 24, 2005
- Information found: (in obituary published Oct. 22: Barrington Moore, Jr.; b. in Washington; d. last Sunday [Oct. 16, 2005], Cambridge, Mass., aged 92; Harvard sociologist whose studies of the contemporary human condition led him to dissect the totalitarian society, particularly as it evolved in the Soviet Union)
670 ## - SOURCE DATA FOUND
- Source citation: Information from 678 converted Dec. 17, 2014
- Information found: (B.A.)